书目信息 |
| 题名: |
园林仿古建筑工程计价释疑
|
|
| 作者: | 张建平 , 张程 编 | |
| 分册: | ||
| 出版信息: | 北京 中国计划出版社 2005.09 |
|
| 页数: | 390页 | |
| 开本: | 20cm | |
| 丛书名: | ||
| 单 册: | ||
| 中图分类: | TU723.3 | |
| 科图分类: | ||
| 主题词: | 园林--yuan lin--绿化--工程--造价 | |
| 电子资源: | ||
| ISBN: | 7-80177-470-1 | |
| 000 | 00915nam0 2200229 450 | |
| 001 | 010259330343 | |
| 005 | 20051130164019.77 | |
| 010 | @a7-80177-470-1@dCNY56.00 | |
| 100 | @a20051110d2005 km y0chiy0120 ea | |
| 101 | 0 | @achi |
| 102 | @aCN@b110000 | |
| 105 | @aa z 000yy | |
| 200 | 1 | @a园林仿古建筑工程计价释疑@Ayuan lin fang gu jian zhu gong cheng ji jia shi yi@f张建平, 张程编@Fzhang jian ping,zhang cheng bian |
| 210 | @a北京@c中国计划出版社@d2005.09 | |
| 215 | @a390页@c图@d20cm | |
| 330 | @a本书图文并茂,通过问答的方式解疑答难,旨在解决从事园林绿化、仿古建筑工程工作的概、预算编制人员和工程造价管理等人员在实际工作中遇到的名词难以分辨、定额包括的工作内容难以分解以及怎样理解定额项目等。 | |
| 606 | 0 | @a园林@Ayuan lin@x绿化@x工程@x造价 |
| 690 | @aTU723.3@v4 | |
| 701 | 0 | @a张建平@Azhang jian ping@4编 |
| 701 | 0 | @a张程@Azhang cheng@4编 |
| 801 | 0 | @aCN@bQSSK@c20051130 |
| 905 | @a10447@dTU723.3@eZ124 | |
| 园林仿古建筑工程计价释疑/张建平, 张程编.-北京:中国计划出版社,2005.09 |
| 390页:图;20cm |
| ISBN 7-80177-470-1:CNY56.00 |
| 本书图文并茂,通过问答的方式解疑答难,旨在解决从事园林绿化、仿古建筑工程工作的概、预算编制人员和工程造价管理等人员在实际工作中遇到的名词难以分辨、定额包括的工作内容难以分解以及怎样理解定额项目等。 |
| ● |
| 相关链接 |
|
|
|
正题名:园林仿古建筑工程计价释疑
索取号:TU723.3/Z124
 
预约/预借
| 序号 | 登录号 | 条形码 | 馆藏地/架位号 | 状态 | 备注 |
| 1 | 577820 | 205778201 | 建筑库201/201建筑库 105排2列3层/ [索取号:TU723.3/Z124] | 在馆 | |
| 2 | 577821 | 205778210 | 建筑库201/201建筑库 105排2列3层/ [索取号:TU723.3/Z124] | 在馆 | |
| 3 | 577822 | 205778229 | 建筑库201/201建筑库 105排2列3层/ [索取号:TU723.3/Z124] | 在馆 |